00391nam a2200121Ia 4500008004100000024004800041082001900089100005400108245001600162260002600178600003200204650003300236260210s9999 xx 000 0 und d a00A-051-CE, 00A-047-CE & 00A-056-CE a004.165072 MOI aSyed Asif Moiz, Farrukh Faiz & Nabeel R. Baig 0aMicro Tutor aKarachi:bUITU,c2000 aComputer System Engineering aBachelor of Engineering (BE)